000 00799cam a22002051a 4500
003 OSt
005 20150408114010.0
008 091004s2009____jo g d 000 0 ara c
040 _amu
_bara
_cmb
082 0 4 _a657.03
_221
090 _a657.03
_bش ف م
100 1 _aشكري، فهمي محمود
_910016
245 1 0 _aمعجم إدارة الحسابات :
_bأول معجم شامل بكل المصطلحات المحاسبة المتداولة في العالم وتعريفاتها /
_cتأليف فهمي محمود شكري.
250 _aط. 1.
260 _aعمان، الأردن :
_bدار أسامة،
_c2009
300 _a314 ص. ؛
_c24 سم.
650 7 _aالمحاسبة
_vمعاجم
_2aucsh
_910017
650 7 _aالمحاسبة
_vمصطلحات
_2aucsh
_910018
942 _2ddc
_cBOOK
999 _c21103
_d255603